XXV años de hospital comarcal : 1930-1954 / Santo Hospital de Igualada 1930-1954 / Santo Hospital de Igualada
Descripción Física:
123 p. : il. ; 24 cm
Materias:
Santo Hospital de Igualada
MARC
| LEADER | 00000nam a2200000Ia 4500 | ||
|---|---|---|---|
| 001 | 8456 | ||
| 008 | 160829s1955 xx 000 0 cat d | ||
| 080 | |a C-2-18 | ||
| 100 | |a Santo Hospital de Igualada |9 37149 | ||
| 245 | |a XXV años de hospital comarcal : |b 1930-1954 / Santo Hospital de Igualada | ||
| 260 | |a Barcelona : |b Diputación Provincial de Barcelona, |c 1955 | ||
| 300 | |a 123 p. : |b il. ; |c 24 cm | ||
| 590 | |a Hi ha un duplicat : R. 920, DUP-8 | ||
| 650 | |a Santo Hospital de Igualada |9 37149 | ||
| 710 | 1 | |a Barcelona (Catalunya : Província). |b Diputació |9 52408 | |
| 901 | |a Arxiu | ||
| 942 | |n 1 | ||
| 952 | |0 0 |1 0 |4 0 |6 C218 |7 1 |9 47715 |a Arxiu |b Arxiu |d 2016-12-01 |l 0 |o C-2-18 |p 8456 |r 2016-12-01 00:00:00 |w 2016-12-01 |y ARXIU | ||
| 999 | |c 51514 |d 51514 | ||